000 01273nam a2200385 c 4500
001 19885
003 ES-MaCES
005 20150925133417.0
008 070326s2006 sp d t 000 | spa d
017 _aM 49639-2006
_bDL
035 _aCES20070003216m
040 _aES-MaCES
_bspa
_cES-MaCES
100 1 _aBustelo, Pablo
_98534
245 1 3 _aLa empresa española en Brasil y Rusia
_b: oportunidades similares, ritmos diferentes
_c[Alfredo Arahuetes ... et al.]
260 _aMadrid
_bCírculo de Empresarios
_c2006
300 _a223 p.
_bgráf. bl. y n.
_c22 cm
490 1 _aMonografía
_v14
504 _aBibliografía: p. 218-223
541 _cGratuito
650 4 _arelaciones económicas
_926673
650 4 _arelaciones comerciales
_927965
650 4 _ainversiones extranjeras
_928175
650 4 _aEspaña
_926964
650 4 _aBrasil
_926857
650 4 _aRusia, Federación (1991- )
_930484
650 4 _acuadros estadísticos
_928890
653 1 0 _aEmpresa
650 4 _928178
_aempresa
700 1 _aArahuetes, Alfredo
_96414
710 2 _aCírculo de Empresarios
_eed.
_91954
830 0 _aMonografía (Círculo de Empresarios)
_v14
_933059
902 _aLIB Libro
942 _2CES
_cBK
_h0.0.
999 _c19885
_d19885